| 000 | 00819cab a2200217 4500 | ||
|---|---|---|---|
| 001 | WB3101-44 | ||
| 008 | 090401t1994 xxu||||| |||| 00| 0 eng d | ||
| 035 | _a(Sirsi) u61562 | ||
| 041 | _aeng | ||
| 245 | _aOffroaders banned | ||
| 260 | _c1994 | ||
| 350 | _a0 | ||
| 490 |
_aDaily Telegraph _v19 December 1994, 9(1) |
||
| 520 | _aA Hampshire village has wons its a fight against the county`s decision to designate four local tracks as byways open to all traffic under the Wildlife and Countryside Act 1981. A DoE inspector has downgraded the routes to bridleways and paths for walkers. Hampshire CC is seeking guidance from the DoE. | ||
| 650 | _aBRIDLEWAYS | ||
| 650 | _aFOOTPATHS | ||
| 650 | _aWILDLIFE AND COUNTRYSIDE ACT 1981 | ||
| 690 | _aPLANNING LAW AND PRACTICE | ||
| 942 | _n0 | ||
| 948 | _c04/03/1997 | ||
| 999 |
_c38168 _d38168 |
||